Fattal and another v Keepers and Governors of the Possessions, Revenues and Goods of the Free Grammar School of John Lyon (Record no. 74759)
[ view plain ]
| 000 -LEADER | |
|---|---|
| fixed length control field | 02429cab a2200265 4500 |
| 001 - CONTROL NUMBER | |
| control field | ABS68655 |
| 008 - FIXED-LENGTH DATA ELEMENTS--GENERAL INFORMATION | |
| fixed length control field | 050126n2004 000 0 eng u |
| 035 ## - SYSTEM CONTROL NUMBER | |
| System control number | (Sirsi) u128616 |
| 245 ## - TITLE STATEMENT | |
| Title | Fattal and another v Keepers and Governors of the Possessions, Revenues and Goods of the Free Grammar School of John Lyon |
| 260 ## - PUBLICATION, DISTRIBUTION, ETC. | |
| Date of publication, distribution, etc. | 2004 |
| 490 ## - SERIES STATEMENT | |
| Series statement | Estates Gazette |
| Volume/sequential designation | [2005] 04 EG 168-170(3)(CS) |
| 490 ## - SERIES STATEMENT | |
| Series statement | Weekly Law ReportsÅ’v[2005] 1 WLR 803-909(7) |
| 520 ## - SUMMARY, ETC. | |
| Summary, etc. | 2004] EWCA Civ 1530, 30 November 2004. Appellant tenants (F) carried out extensive works before occupying the property owned by respondent freeholders (J). F served a notice on J under the Leasehold Reform Act 1967 on 31 August 2000 (the valuation date) to acquire the freehold. As the parties were unable to agree a price, the matter was referred to the Leasehold Valuation Tribunal, whose determination was reduced on appeal by the Lands Tribunal. The issue arose as to whether the valuation should take account of development potential. The price payable according to s9(1A)(d) is the open market value at the valuation date with the price diminished by the extent by which the property's value has been increased by improvements made by tenants or predecessors (assumption (d)). F submitted on appeal that the comparison should be between the property's value in its improved and its unimproved state at the valuation date. "Held": appeal dismissed. Assumption (d) does not require the value of the potential for improvement to be excluded from the valuation of the unimproved house but does require a calculation of the amount of the increase arising from the improvements, which necessarily involved a valuation of the property in the state it would have been in on the valuation date had it not been improved. View the decision at www.bailii.org. |
| 590 ## - LOCAL NOTE (RLIN) | |
| Local note | ABS |
| 650 ## - SUBJECT ADDED ENTRY--TOPICAL TERM | |
| Topical term or geographic name entry element | LEASEHOLD REFORM ACT 1967 PART I |
| 650 ## - SUBJECT ADDED ENTRY--TOPICAL TERM | |
| Topical term or geographic name entry element | LEASEHOLD REFORM ACT 1967 S9(1A) |
| 650 ## - SUBJECT ADDED ENTRY--TOPICAL TERM | |
| Topical term or geographic name entry element | LAND TRIBUNAL RULES 1996 R50(4) |
| 650 ## - SUBJECT ADDED ENTRY--TOPICAL TERM | |
| Topical term or geographic name entry element | JOHN LYON'S CHARITY V SHALSON |
| 650 ## - SUBJECT ADDED ENTRY--TOPICAL TERM | |
| Topical term or geographic name entry element | FATTAL AND ANOTHER V KEEPERS AND GOVERNORS OF THE POSSESSIONS, REVENUES AND GOODS OF THE FREE GRAMMAR SCHOOL OF JOHN LYON |
| 650 ## - SUBJECT ADDED ENTRY--TOPICAL TERM | |
| Topical term or geographic name entry element | PROPERTY VALUATION |
| 650 ## - SUBJECT ADDED ENTRY--TOPICAL TERM | |
| Topical term or geographic name entry element | LEASEHOLD VALUATION TRIBUNAL |
| 690 ## - LOCAL SUBJECT ADDED ENTRY--TOPICAL TERM (OCLC, RLIN) | |
| Topical term or geographic name as entry element | LANDLORD AND TENANT-LEASEHOLD REFORM |
| 856 ## - ELECTRONIC LOCATION AND ACCESS | |
| Uniform Resource Identifier | <a href="https://www.bailii.org/ew/cases/EWCA/Civ/2004/1530.html">https://www.bailii.org/ew/cases/EWCA/Civ/2004/1530.html</a> |
| Public note | View the decision on the BAILII website... |
| 942 ## - ADDED ENTRY ELEMENTS (KOHA) | |
| Suppress in OPAC | 0 |
| Withdrawn status | Lost status | Source of classification or shelving scheme | Damaged status | Not for loan | Home library | Current library | Shelving location | Date acquired | Total Checkouts | Full call number | Barcode | Date last seen | Copy number | Price effective from | Koha item type |
|---|---|---|---|---|---|---|---|---|---|---|---|---|---|---|---|
| Dewey Decimal Classification | London | London | Journal article | 26/01/2005 | ABS68655 | 128616-1001 | 06/08/2019 | 1 | 06/08/2019 | Journal article |